01277nam a2200241 a 450000100100000000500170001000800410002704000250006808200200009310000310011324500550014426000490019930000210024865000570026965100650032691000370039104900090042895201330043795201330057095201910070395201240089499900170101800001792420200929165301.0100407s1976 dr 000 0 spa d aDO-SdBNPbspacBNPHU a972.9375bA116c1 aAbad Alfau, Antonio93889114aLas calles de Santo Domingo /cAntonio Abad Alfau. aSanto Domingo :bCultural Dominicana,c1976. a172 p. ;c23 cm. 4aCalleszSanto Domingo, República Dominicana938892 4aRepública Dominicana, Santo DomingoxHistoria Local938893 aValidado. Control de calidad MFF aBNPD 001154708DSaGRbGRcMId2012-02-06iLF1l0o972.9375 A116cp17924-30r2020-06-25te. 3w2020-06-25yLFDSZPréstamo en sala 001154708DSaGRbGRcMId2012-02-06iLF1l0o972.9375 A116cp17924-40r2020-06-25te. 4w2020-06-25yLFDSZPréstamo en sala 0010718PDaPDbPDcHDd2010-04-07iLF1l0o972.9375 A116cp17924-10r2020-06-25w2020-06-25yLFPDzPerteneció a la biblioteca personal de Aída Cartagena Portalatín.ZNo se presta 0010718PDaPDbPDcHDd2010-04-07iLF1l0o972.9375 A116cp17924-20r2020-06-25te. 2w2020-06-25yLFPDZNo se presta c17448d17448